ბათუმის შოთა რუსთაველის სახელმწიფო უნივერსიტეტის ბიბლიოთეკა

რიცხვითი ანალიზის ელემენტები :დამხ.სახელმძღ. / (ბიბ.ჩანაწერი № 37710)

000 -ლიდერი
ფიქსირებული სიგრძის საკონტროლო ველი 00896nam a2200217Ia 4500
001 - საკონტროლო ნომერი
საკონტროლო ველი 3684
003 - საკონტროლო ნომრის იდენტიფიკატორი
საკონტროლო ველი GE_BSU
005 - ბოლო ოპერაციის თარიღი და დრო
საკონტროლო ველი 20190523190120.0
008 - ფიქსირებული სიგრძის მონაცემთა ელემენტები - ზოგადი ინფორმაცია
ფიქსირებული სიგრძის საკონტროლო ველი 181216s1975||||ge |||||||||||||| ||geo||
040 ## - კატალოგიზაციის წყარო
Transcribing agency GE_BSU
041 ## - ენის კოდი
Language code of text/sound track or separate title geo
080 ## - უნივერსალური ათობითი კლასიფიკაციის ინდექსი
Universal Decimal Classification number 511.2(072) რ-97
100 ## - მთავარი ჩანაწერი - პიროვნების სახელი
Personal name რუხაძე,ა.
9 (RLIN) 1549
245 ## - ცნობა სათაურის შესახებ
Title რიცხვითი ანალიზის ელემენტები :დამხ.სახელმძღ. /
Statement of responsibility, etc ა.რუხაძე ; ნ. ართმელაძე; რედ : ვ.ბადაგაძე.
264 ## - წარმოების, გამოცემის, დისტრიბუციის და სხვა ცნობები
გამოცემის, წარმოების, დისტრიბუციის... ადგილი თბილისი :
გამოცემის, წარმოების, დისტრიბუციის... სახელწოდება სპი,
გამოცემის, წარმოების, დისტრიბუციის... თარიღი 1975.
300 ## - ფიზიკური აღწერა
Extent 82 გვ
Dimensions 20 სმ.
653 ## - INDEX TERM--UNCONTROLLED
Uncontrolled term რიცხვითი ანალიზის ელემენტები.
700 ## - ADDED ENTRY--PERSONAL NAME
Personal name ართმელაძე, ა
9 (RLIN) 1550
700 ## - ADDED ENTRY--PERSONAL NAME
Personal name .ბადაგაძე, ვ
Relator term რედაქტორი
9 (RLIN) 1551
942 ## - ADDED ENTRY ELEMENTS (KOHA)
Koha item type წიგნი
Source of classification or shelving scheme
ეგზემპლარები
ჩამოწერის სტატუსი დაკარგული ეგზემპლარის სტატუსი კლასიფიკაციის წყარო ან თაროზე გაწყობის სქემა დაზიანების სტატუსი არ გაიცემა მუდმივი მდებარეობა (დაცვის ადგილი) ამჟამინდელი ადგილსამყოფელი თაროზე განთავსების ადგილი შეძენის თარიღი ღირებულება, შესყიდვის ნორმალური ფასი სრული შენახვის შიფრი შტრიხკოდი ბოლო ოპერაციის თარიღი ეგზემპლარის მიმდევრობითი ნომერი (კეტერი?) ფასის ძალაში შესვლის თარიღი ეგზემპლარის სახეობა საჯარო შენიშვნა
          ტექნოლოგიური ფაკულტეტის ბიბლიოთეკა ტექნოლოგიური ფაკულტეტის ბიბლიოთეკა წიგნსაცავი 2018-12-17 1.00 511.2(072) რ-97 9001 2018-12-17 9001 2018-12-17 წიგნი 1 ლ.
          ტექნოლოგიური ფაკულტეტის ბიბლიოთეკა ტექნოლოგიური ფაკულტეტის ბიბლიოთეკა წიგნსაცავი 2018-12-17 1.00 511.2(072) რ-97 9002 2018-12-17 9002 2018-12-17 წიგნი 1 ლ.
          ტექნოლოგიური ფაკულტეტის ბიბლიოთეკა ტექნოლოგიური ფაკულტეტის ბიბლიოთეკა წიგნსაცავი 2018-12-17 1.00 511.2(072) რ-97 9003 2018-12-17 9003 2018-12-17 წიგნი 1 ლ.